| 000 | 00483 a2200169 4500 | ||
|---|---|---|---|
| 005 | 20250613091419.0 | ||
| 020 | _a0-07-299690-0 | ||
| 082 | _a174.4 GOO | ||
| 100 | _aGOODPASTER, K | ||
| 245 | _aBusiness Ethics: Policies and Persons | ||
| 250 | _a4th Ed. | ||
| 260 |
_aBoston _bMcGraw-Hill Irwin _c2006. |
||
| 300 |
_axiv,609p.: ill.; charts, pictures and tables _bAppendix and Index _c25 cm |
||
| 700 | _aLaura L. Nash | ||
| 700 | _a Henri-Claude de Bettignies | ||
| 942 |
_2ddc _cBKS |
||
| 999 |
_c3751 _d3751 |
||